[Event "26th EUR-ch"]
[Site "Katowice POL"]
[Date "2026.04.18"]
[Round "10.158"]
[White "Kulpa, Zuzanna"]
[Black "Podolskyi, Mykhailo"]
[Result "0-1"]
[WhiteElo "1979"]
[BlackElo "2255"]
[EventDate "2026.04.07"]
[PlyCount "66"]

1.e4 d5 2.exd5 Qxd5 3.Nf3 Nf6 4.d4 Bg4 5.Be2 e6 6.h3 Bh5 7.c4 Qd6 8.c5 Qd8
9.Nc3 Be7 10.Be3 O-O 11.Ne5 Bxe2 12.Qxe2 c6 13.O-O Nd5 14.f4 g6 15.g4 b6 
16.cxb6 axb6 17.Kh2 Nxc3 18.bxc3 Qc7 19.Kh1 Nd7 20.Qc4 Rfc8 21.Rfb1 b5 22.
Qe2 Ra3 23.Rb3 Rca8 24.Rxa3 Rxa3 25.Rc1 Nf6 26.c4 b4 27.Rc2 c5 28.Kh2 Nd7 
29.Nxd7 cxd4 30.Bxd4 Qxf4+ 31.Kg2 Rg3+ 32.Kh1 Qxd4 33.Rd2 Qg1# 0-1

[Event "26th EUR-ch"]
[Site "Katowice POL"]
[Date "2026.04.18"]
[Round "10.159"]
[White "Saraci, Korab"]
[Black "Nguyen, Khoi"]
[Result "0-1"]
[WhiteElo "2251"]
[BlackElo "2037"]
[EventDate "2026.04.07"]
[PlyCount "75"]

1.d4 Nf6 2.c4 e6 3.Nf3 d5 4.g3 Be7 5.Bg2 O-O 6.Qc2 c6 7.O-O b6 8.Nbd2 Bb7 
9.b3 Nbd7 10.Bb2 c5 11.Rad1 Rc8 12.Qb1 Qc7 13.Rfe1 cxd4 14.Nxd4 Qb8 15.e4 
dxe4 16.Nxe4 Nxe4 17.Bxe4 Nf6 18.Bxb7 Qxb7 19.Nb5 Rcd8 20.Re3 Ng4 21.Red3 
Rxd3 22.Qxd3 Bc5 23.Rd2 Bxf2+ 24.Rxf2 Qh1+ 25.Kxh1 Nxf2+ 26.Kg2 Nxd3 27.
Ba3 Rd8 28.Nxa7 Ne1+ 29.Kf1 Nc2 30.Nc6 Ra8 31.Bd6 Rxa2 32.Bc7 Rb2 33.Bxb6 
Rxb3 34.c5 Ne3+ 35.Ke2 Nd5 36.Ba7 Rb7 37.Kd3 Rc7 38.Kd4 0-1

[Event "26th EUR-ch"]
[Site "Katowice POL"]
[Date "2026.04.18"]
[Round "10.160"]
[White "Przybylski, Bartosz"]
[Black "Lasok, Marek"]
[Result "1-0"]
[WhiteElo "2249"]
[BlackElo "2009"]
[EventDate "2026.04.07"]
[PlyCount "111"]

1.Nf3 d5 2.d4 Nf6 3.c4 e6 4.g3 Be7 5.Bg2 O-O 6.O-O Nbd7 7.Qd3 c6 8.Nc3 b6 
9.b3 Bb7 10.Bb2 c5 11.cxd5 cxd4 12.Qxd4 Bc5 13.Qd3 Nxd5 14.Nxd5 Bxd5 15.
Rad1 Rc8 16.e4 Bc6 17.b4 Ba4 18.bxc5 Bxd1 19.Qxd1 Nxc5 20.Nd4 Qf6 21.Ba1 
Qg6 22.e5 Qd3 23.Qg4 Qd2 24.h4 Nd3 25.Nc6 Rc7 26.Qd4 Qe2 27.Qd6 Rfc8 28.
Ne7+ Rxe7 29.Qxe7 Ne1 30.Qd7 Rf8 31.Bc3 Nxg2 32.Kxg2 Qc4 33.Qd2 Rc8 34.Rc1
Qe4+ 35.f3 Qa8 36.Bb4 Rxc1 37.Qxc1 h6 38.Qd2 Qc6 39.Bc3 Qc4 40.Bd4 Qa6 41.
Bf2 Qb5 42.Qd8+ Kh7 43.Qc7 Qa4 44.Qxf7 Qxa2 45.g4 Qd5 46.Qxa7 Qxe5 47.Qxb6
Qd5 48.Qd4 Qa2 49.Qe4+ Kh8 50.g5 hxg5 51.hxg5 Qd2 52.g6 Qg5+ 53.Kf1 Qc1+ 
54.Be1 Qa1 55.Qh4+ Kg8 56.Qd8# 1-0

[Event "26th EUR-ch"]
[Site "Katowice POL"]
[Date "2026.04.18"]
[Round "10.161"]
[White "Spyra, Piotr"]
[Black "Zalega, Maciej"]
[Result "1/2-1/2"]
[WhiteElo "1974"]
[BlackElo "2233"]
[EventDate "2026.04.07"]
[PlyCount "118"]

1.e4 c5 2.Nf3 Nc6 3.d4 cxd4 4.Nxd4 Nf6 5.Nc3 d6 6.g3 g6 7.Nde2 Bg7 8.Bg2 
O-O 9.O-O Bg4 10.h3 Bxe2 11.Qxe2 Rc8 12.Be3 a6 13.Nd5 Nxd5 14.exd5 Nd4 15.
Bxd4 Bxd4 16.c3 Bf6 17.h4 b5 18.a4 Qb6 19.axb5 axb5 20.Rfd1 b4 21.Rac1 
bxc3 22.bxc3 Bxc3 23.Qxe7 Rce8 24.Qxf8+ Kxf8 25.Rxc3 Re2 26.Rf1 Qd4 27.Rc7
h5 28.Rd7 Qf6 29.Rc7 Rd2 30.Rc4 Kg7 31.Rf4 Qe7 32.Re4 Qf6 33.Rf4 Qe7 34.
Re4 Qa7 35.Rf4 Re2 36.Bf3 Rc2 37.Bg2 Qa5 38.Rb1 Rc7 39.Rd1 Qa2 40.Re1 Qd2 
41.Rb1 Re7 42.Ra1 Qd3 43.Rc1 Qd2 44.Ra1 Qc2 45.Ra6 Qc5 46.Ra1 f6 47.Ra8 
Qc3 48.Rb8 g5 49.hxg5 fxg5 50.Rf5 Kg6 51.Rbf8 h4 52.gxh4 gxh4 53.Kh2 Re8 
54.R8f7 Re2 55.Rf8 Kg7 56.R8f7+ Kg6 57.Rf8 Re8 58.R8f7 Qd4 59.Kh3 Re7 
1/2-1/2

[Event "26th EUR-ch"]
[Site "Katowice POL"]
[Date "2026.04.18"]
[Round "10.162"]
[White "Mierins, Emils Janis"]
[Black "Omarsson, Josef"]
[Result "1-0"]
[WhiteElo "2223"]
[BlackElo "2044"]
[EventDate "2026.04.07"]
[PlyCount "33"]

1.e4 c5 2.Nf3 Nc6 3.Bb5 e5 4.O-O Bd6 5.d3 Nge7 6.Nc3 O-O 7.Bc4 h6 8.Nh4 
Bc7 9.Qh5 d6 10.f4 exf4 11.Bxf4 Be6 12.Bxh6 gxh6 13.Qxh6 Bxc4 14.Nf5 Nxf5 
15.exf5 Qd7 16.Qg5+ Kh8 17.f6 1-0

[Event "26th EUR-ch"]
[Site "Katowice POL"]
[Date "2026.04.18"]
[Round "10.163"]
[White "Amiridou, Dimitra"]
[Black "Dubinski, Mateusz"]
[Result "1-0"]
[WhiteElo "1965"]
[BlackElo "2222"]
[EventDate "2026.04.07"]
[PlyCount "125"]

1.e4 e5 2.Nf3 Nc6 3.Bb5 a6 4.Ba4 Nf6 5.O-O Be7 6.d3 b5 7.Bb3 d6 8.c3 O-O 
9.a4 Bd7 10.Re1 h6 11.h3 Re8 12.a5 Bf8 13.Nbd2 Ne7 14.d4 Ng6 15.Nf1 c5 16.
Ng3 c4 17.Bc2 Bc6 18.d5 Bd7 19.Nh2 Qc8 20.Nh5 Nxh5 21.Qxh5 Be7 22.g3 Rb8 
23.Bd2 b4 24.cxb4 Bg5 25.Bc3 Bxh3 26.Bd1 Bd7 27.Bg4 Ne7 28.Bxd7 Qxd7 29.
Qe2 Rec8 30.Nf3 Bf6 31.Kg2 Qg4 32.Nd2 Qxe2 33.Rxe2 Bg5 34.Nf3 f5 35.Nxg5 
hxg5 36.f3 g4 37.Rd1 gxf3+ 38.Kxf3 g6 39.Rh2 Kg7 40.Rdh1 Kf6 41.g4 Rg8 42.
Rh6 f4 43.g5+ Kf7 44.Rh7+ Rg7 45.Rh8 Rbg8 46.R1h7 Nc8 47.b5 axb5 48.Bb4 
Ke8 49.Rxg7 Rxh8 50.Rxg6 Rh3+ 51.Kg4 Rg3+ 52.Kh4 Rb3 53.Bxd6 Nxd6 54.Rxd6 
Rxb2 55.Re6+ Kd7 56.a6 c3 57.Rc6 b4 58.g6 Rh2+ 59.Kg4 Rg2+ 60.Kf3 Rxg6 61.
Rxg6 c2 62.Rc6 b3 63.a7 1-0

[Event "26th EUR-ch"]
[Site "Katowice POL"]
[Date "2026.04.18"]
[Round "10.164"]
[White "Gov, Guy"]
[Black "Smolin, Sergey"]
[Result "1-0"]
[WhiteElo "2221"]
[BlackElo "1962"]
[EventDate "2026.04.07"]
[PlyCount "83"]

1.d4 g6 2.e4 Bg7 3.Nf3 d6 4.Nc3 a6 5.Be3 b5 6.h4 h6 7.Bd3 e6 8.e5 d5 9.Ne2
Nd7 10.h5 g5 11.Nh2 c5 12.c3 Ne7 13.f4 c4 14.Bc2 Nf5 15.Bd2 f6 16.a4 fxe5 
17.fxe5 bxa4 18.g4 Nh4 19.O-O Qb6 20.Be1 Bxe5 21.Bxh4 gxh4 22.Bg6+ Kd8 23.
Rf7 Rf8 24.Nf3 Rxf7 25.Bxf7 Ke7 26.Bg6 Bf6 27.Qd2 e5 28.Re1 e4 29.Qxh6 Kd8
30.Nf4 Qd6 31.Ng5 Kc7 32.Nge6+ Kb6 33.Bf7 Bb7 34.g5 Rh8 35.Qg6 Be7 36.Qf5 
Nf8 37.Nc5 Bc6 38.Bxd5 Bxd5 39.Qxd5 Qc7 40.Qxe4 Ka5 41.Qxe7 Qxf4 42.Nb3+ 
1-0

[Event "26th EUR-ch"]
[Site "Katowice POL"]
[Date "2026.04.18"]
[Round "10.165"]
[White "Levytskyi, Liubomyr"]
[Black "Ringuet, Noe"]
[Result "0-1"]
[WhiteElo "1959"]
[BlackElo "2220"]
[EventDate "2026.04.07"]
[PlyCount "110"]

1.e4 g6 2.d4 Bg7 3.Nc3 c6 4.h3 d6 5.Nf3 Nf6 6.Bg5 O-O 7.Qd2 b5 8.Bd3 Qc7 
9.a3 Nbd7 10.Bh6 e5 11.Bxg7 Kxg7 12.O-O Re8 13.Rfe1 Bb7 14.Rad1 Rad8 15.
dxe5 dxe5 16.Qe3 a6 17.a4 Nf8 18.Qc5 N6d7 19.Qe3 Ne6 20.b3 Ndc5 21.axb5 
axb5 22.Bf1 f6 23.h4 h5 24.g3 Qe7 25.Bh3 Bc8 26.Kh2 Na6 27.Rxd8 Rxd8 28.
Qb6 Qc5 29.Qxc5 Nexc5 30.Bxc8 Rxc8 31.Ra1 Rd8 32.Ne1 Kf7 33.Kg1 Rd2 34.f3 
b4 35.Nd1 Ke6 36.Ne3 Rd7 37.Ra5 Kd6 38.Kf2 Kc7 39.Ke2 Kb7 40.Nc4 Ne6 41.
Ra4 Nd4+ 42.Kf2 Nc5 43.Rxb4+ Kc7 44.Nd3 Ndxb3 45.Nxc5 Nxc5 46.Rb1 Rd4 47.
Ne3 Rd2+ 48.Ke1 Rh2 49.Rc1 Ne6 50.c3 Nc5 51.Rc2 Nd3+ 52.Kd1 Rh1+ 53.Kd2 
Ne1 54.Rb2 Rh2+ 55.Kc1 Nd3+ 0-1

[Event "26th EUR-ch"]
[Site "Katowice POL"]
[Date "2026.04.18"]
[Round "10.166"]
[White "Korszanski, Stanislaw"]
[Black "Namyslak, Piotr"]
[Result "1-0"]
[WhiteElo "2215"]
[BlackElo "1953"]
[EventDate "2026.04.07"]
[PlyCount "97"]

1.e4 c6 2.d4 d5 3.exd5 cxd5 4.c4 Nf6 5.Nc3 Nc6 6.Bg5 Be6 7.a3 Qd7 8.Nf3 h6
9.Bh4 g5 10.cxd5 Nxd5 11.Bg3 Bg7 12.Bb5 a6 13.Ba4 b5 14.Bc2 Nxc3 15.bxc3 
Bf5 16.O-O O-O 17.Re1 Bxc2 18.Qxc2 Rac8 19.Rad1 e6 20.h4 g4 21.Ne5 Nxe5 
22.Bxe5 Qe7 23.g3 Qxa3 24.Bxg7 Kxg7 25.Re4 Qxc3 26.Rxg4+ Kf6 27.Qe4 Qc2 
28.Qf3+ Ke7 29.d5 Rfd8 30.Rf4 Qg6 31.Qa3+ Ke8 32.Qxa6 Rc5 33.d6 Rd5 34.
Rxd5 exd5 35.Qxb5+ Kf8 36.Qxd5 Rxd6 37.Qf3 Ra6 38.Qb7 Rd6 39.Qc8+ Ke7 40.
Kh2 Qe6 41.Qc7+ Qd7 42.Qc5 Qc6 43.Qe5+ Kf8 44.Qh8+ Ke7 45.Qe5+ Kf8 46.Rf5 
Kg8 47.Qe7 Rd7 48.Qe8+ Kg7 49.Rxf7+ 1-0

[Event "26th EUR-ch"]
[Site "Katowice POL"]
[Date "2026.04.18"]
[Round "10.167"]
[White "Lecki, Leonard"]
[Black "Panasiuk, Piotr"]
[Result "1-0"]
[WhiteElo "2189"]
[BlackElo "1786"]
[EventDate "2026.04.07"]
[PlyCount "59"]

1.c4 e5 2.Nc3 Nc6 3.Nf3 Bc5 4.Nxe5 Nxe5 5.d4 Bd6 6.c5 Bf8 7.dxe5 Bxc5 8.e4
h6 9.Bc4 c6 10.Qg4 g6 11.Qf3 Qe7 12.Be3 Bxe3 13.fxe3 h5 14.O-O Nh6 15.Ne2 
b6 16.Nf4 Rh7 17.Rad1 Ng4 18.Nd3 Bb7 19.h3 Nh6 20.b4 O-O-O 21.a4 Rf8 22.a5
Ng8 23.a6 Ba8 24.Qf4 g5 25.Qf5 Rg7 26.e6 d6 27.exf7+ Kc7 28.fxg8=Q Rgxg8 
29.Qe6 Qg7 30.e5 1-0

[Event "26th EUR-ch"]
[Site "Katowice POL"]
[Date "2026.04.18"]
[Round "10.168"]
[White "Adamczyk, Zuzanna"]
[Black "Udelnov, Valentin"]
[Result "1/2-1/2"]
[WhiteElo "1950"]
[BlackElo "2186"]
[EventDate "2026.04.07"]
[PlyCount "175"]

1.e4 e5 2.Nf3 Nc6 3.Nc3 Nf6 4.d4 exd4 5.Nxd4 Bb4 6.Nxc6 bxc6 7.Bd3 d5 8.
exd5 cxd5 9.O-O O-O 10.h3 c6 11.Qf3 Re8 12.Bg5 h6 13.Bxf6 Qxf6 14.Qxf6 
gxf6 15.Ne2 Bd6 16.Ng3 Re5 17.Rfe1 Be6 18.Kf1 Rb8 19.b3 Bb4 20.Re2 Bc3 21.
Rd1 Rg5 22.Re3 Be5 23.Rf3 Kh8 24.Nf5 h5 25.Ne7 c5 26.Bf5 d4 27.Bxe6 fxe6 
28.Nc6 Rf8 29.h4 Rf5 30.Rxf5 exf5 31.Re1 c4 32.Nxe5 fxe5 33.Rxe5 cxb3 34.
axb3 Kg7 35.Rd5 Rc8 36.Rxd4 Rxc2 37.Rd7+ Kf6 38.Rxa7 Rb2 39.Rb7 f4 40.Rb4 
Kf5 41.f3 Rb1+ 42.Kf2 Rb2+ 43.Kg1 Rb1+ 44.Kh2 Rb2 45.Rb5+ Kg6 46.Rg5+ Kh6 
47.Rf5 Rxb3 48.Rxf4 Rb2 49.Rf6+ Kg7 50.Ra6 Kh7 51.Kh3 Rb3 52.Kg3 Rc3 53.
Ra4 Rc2 54.Kh3 Rc3 55.Rf4 Kh6 56.g4 hxg4+ 57.Kxg4 Rc1 58.Rf6+ Kg7 59.Ra6 
Rg1+ 60.Kf5 Rh1 61.Ra4 Kh6 62.Rg4 Ra1 63.Rg8 Ra5+ 64.Kg4 Ra1 65.Re8 Kg7 
66.f4 Rg1+ 67.Kf5 Rh1 68.Re7+ Kh6 69.Kf6 Rxh4 70.f5 Ra4 71.Kf7 Ra8 72.f6 
Rb8 73.Ra7 Rc8 74.Ra1 Rc7+ 75.Ke6 Rc6+ 76.Ke7 Rc7+ 77.Kd6 Rb7 78.Rg1 Rb6+ 
79.Ke7 Rb7+ 80.Ke8 Rb8+ 81.Kd7 Rb7+ 82.Kd6 Rb6+ 83.Ke5 Rb5+ 84.Kf4 Rb4+ 
85.Ke3 Rb3+ 86.Kd4 Rb4+ 87.Kd5 Rb5+ 88.Ke6 1/2-1/2

[Event "26th EUR-ch"]
[Site "Katowice POL"]
[Date "2026.04.18"]
[Round "10.169"]
[White "Pasti, Zsombor"]
[Black "Chmiel, Pawel"]
[Result "1-0"]
[WhiteElo "2179"]
[BlackElo "1949"]
[EventDate "2026.04.07"]
[PlyCount "93"]

1.d4 d5 2.c4 e6 3.Nf3 Nf6 4.Bg5 Be7 5.Nc3 O-O 6.e3 b6 7.cxd5 exd5 8.Bd3 
Nbd7 9.O-O c5 10.Qc2 Bb7 11.Rad1 Ne4 12.Bxe7 Qxe7 13.dxc5 bxc5 14.Bxe4 
dxe4 15.Nd2 Ba6 16.Rfe1 Bd3 17.Qa4 f5 18.Nd5 Qd6 19.Nf4 Ne5 20.f3 Rab8 21.
fxe4 Rb4 22.Qa3 Bc2 23.Nc4 Qc7 24.Nd5 Nxc4 25.Qc3 Qe5 26.Qxc2 Nxb2 27.Nxb4
Nxd1 28.Qb3+ Kh8 29.Nd3 Qxe4 30.Rxd1 c4 31.Qb4 Rd8 32.Nf2 Rxd1+ 33.Nxd1 h6
34.Qd2 a5 35.Nc3 Qb7 36.Qd8+ Kh7 37.Qxa5 g6 38.Qb5 Qa7 39.Qe5 h5 40.a4 Qb6
41.a5 Qb2 42.h3 Kh6 43.Qh8+ Kg5 44.Ne4+ Kh4 45.Qxb2 g5 46.Kh2 c3 47.g3# 
1-0

[Event "26th EUR-ch"]
[Site "Katowice POL"]
[Date "2026.04.18"]
[Round "10.170"]
[White "Wasiluk, Mateusz"]
[Black "Petrovic, Aleksa"]
[Result "1/2-1/2"]
[WhiteElo "1934"]
[BlackElo "2178"]
[EventDate "2026.04.07"]
[PlyCount "81"]

1.e4 c6 2.d4 d5 3.e5 Bf5 4.Nd2 e6 5.Nb3 Nd7 6.Nf3 Ne7 7.Be2 Nc8 8.O-O Be7 
9.Ne1 O-O 10.Be3 Ncb6 11.g4 Be4 12.f3 Bg6 13.f4 f5 14.g5 Nc4 15.Bxc4 dxc4 
16.Nc5 Nxc5 17.dxc5 Qd5 18.Qxd5 cxd5 19.b4 a5 20.b5 a4 21.c3 Rfc8 22.Nc2 
Be8 23.Rab1 Ra5 24.c6 bxc6 25.bxc6 Bxc6 26.Nd4 Bc5 27.Kf2 Kf7 28.h4 Bxd4 
29.Bxd4 Kg6 30.a3 h6 31.Rb6 hxg5 32.hxg5 Rb5 33.Rxb5 Bxb5 34.Rb1 Rb8 35.
Kg3 Rb7 36.Rb2 Bc6 37.Rxb7 Bxb7 38.Kh4 Bc6 39.Kg3 Bb7 40.Kh4 Bc6 41.Kh3 
1/2-1/2

[Event "26th EUR-ch"]
[Site "Katowice POL"]
[Date "2026.04.18"]
[Round "10.171"]
[White "Arat, Ufuk Sezen"]
[Black "Ghazarian, Raffi"]
[Result "1-0"]
[WhiteElo "2372"]
[BlackElo "2079"]
[EventDate "2026.04.07"]
[PlyCount "63"]

1.d4 Nf6 2.c4 e6 3.Nf3 d5 4.Nc3 Bb4 5.Qa4+ Nc6 6.e3 O-O 7.Bd2 Bd7 8.Qc2 a6
9.a3 Bxc3 10.Bxc3 dxc4 11.Bxc4 Ne7 12.O-O Bb5 13.Bb4 Bxc4 14.Qxc4 Re8 15.
Rfd1 a5 16.Be1 c6 17.Qc2 Qd5 18.Ne5 Ng6 19.Nc4 Ra6 20.f3 Qg5 21.Qf2 a4 22.
Rac1 h5 23.Nd6 Re7 24.h4 Qd5 25.Bb4 Rd7 26.e4 Qb3 27.Nc4 Nf4 28.Ne5 Rc7 
29.Qd2 Ng6 30.Nd3 b6 31.Rc3 Qa2 32.Bd6 1-0

[Event "26th EUR-ch"]
[Site "Katowice POL"]
[Date "2026.04.18"]
[Round "10.172"]
[White "Piddubna, Bozhena"]
[Black "Szente Varga, Fruzsina"]
[Result "0-1"]
[WhiteElo "2301"]
[BlackElo "2078"]
[EventDate "2026.04.07"]
[PlyCount "142"]

1.c4 Nf6 2.Nc3 g6 3.g3 Bg7 4.Bg2 O-O 5.d4 d6 6.Nf3 c5 7.dxc5 dxc5 8.Ne5 
Qxd1+ 9.Nxd1 Nfd7 10.Nd3 Nc6 11.Be3 Nd4 12.Rc1 Rb8 13.Nc3 b6 14.Nd5 Re8 
15.Bxd4 Bxd4 16.O-O Bb7 17.Rfd1 Bg7 18.b3 e6 19.Nc3 Bxg2 20.Kxg2 Rbd8 21.
Ne4 Nb8 22.Ne1 Nc6 23.Nc2 f5 24.Ng5 Nd4 25.Rd2 h6 26.Nh3 Kf7 27.Rcd1 Bf6 
28.Nxd4 cxd4 29.Nf4 g5 30.Nd3 e5 31.Nb4 g4 32.e3 Bg5 33.Nc6 Rd7 34.b4 Rc7 
35.b5 a6 36.Rd3 axb5 37.cxb5 dxe3 38.fxe3 Bf6 39.Ra3 Ke6 40.Ra6 Rb7 41.Na5
Rbb8 42.Nc4 Red8 43.Rb1 f4 44.gxf4 exf4 45.exf4 Bd4 46.Rd1 Kf5 47.Re1 Kxf4
48.a4 Rdc8 49.Nd2 Be3 50.Nf1 Rc2+ 51.Kh1 Bf2 52.Rd1 Re8 53.Ra7 Ree2 54.
Rf7+ Kg5 55.Rfd7 Bc5 56.R7d5+ Kh4 57.Nd2 Ra2 58.Rd3 Rxa4 59.Nb3 Be3 60.Nc1
Bxc1 61.Rxc1 Raa2 62.Rd6 h5 63.Rh6 Rxh2+ 64.Kg1 Rhb2 65.Rxb6 Kh3 66.Rf6 
Rg2+ 67.Kf1 Kh2 68.Ke1 Rab2 69.b6 g3 70.b7 Rge2+ 71.Kf1 g2# 0-1

[Event "26th EUR-ch"]
[Site "Katowice POL"]
[Date "2026.04.18"]
[Round "10.173"]
[White "Zhuk, Ivan"]
[Black "Durucay, Uygar"]
[Result "0-1"]
[WhiteElo "2068"]
[BlackElo "2286"]
[EventDate "2026.04.07"]
[PlyCount "170"]

1.e4 c6 2.d4 d5 3.e5 Bf5 4.Bd3 Bxd3 5.Qxd3 e6 6.Ne2 c5 7.c3 Nc6 8.O-O Qb6 
9.Nd2 Nge7 10.Nf3 Rc8 11.Nf4 cxd4 12.cxd4 Nb4 13.Qb3 Nf5 14.Rd1 h5 15.Ne2 
Be7 16.a3 Nc6 17.Qd3 Na5 18.Bg5 Bxg5 19.Nxg5 Nb3 20.Rab1 Rc4 21.Qf3 Nbxd4 
22.Nxd4 Rxd4 23.Rdc1 Qd8 24.Qb3 Qd7 25.Rc3 b5 26.Rc5 a6 27.Rbc1 Rc4 28.
R1xc4 dxc4 29.Qf3 O-O 30.Qxh5 Nh6 31.Qe2 Rd8 32.h3 Qd4 33.Rc6 a5 34.Nf3 
Qd1+ 35.Qxd1 Rxd1+ 36.Kh2 Rb1 37.Ng5 Kf8 38.a4 Rxb2 39.f4 bxa4 40.Rxc4 Rb4
41.Rc5 Rxf4 42.Rxa5 Ke8 43.Ra7 Rb4 44.g4 Rb2+ 45.Kg3 Rb3+ 46.Kf4 a3 47.Ke4
Rb4+ 48.Kd3 Rb5 49.Kd4 Rd5+ 50.Ke4 f6 51.Nf3 Nf7 52.Ra8+ Kd7 53.Ra7+ Kc6 
54.Rxf7 Kb6 55.exf6 a2 56.fxg7 Rd8 57.Rf8 a1=Q 58.Rxd8 Qxg7 59.Rd6+ Kc5 
60.Rd2 Qh7+ 61.Kf4 Qxh3 62.Re2 Qh6+ 63.Ng5 Qf6+ 64.Kg3 Qxg5 65.Rxe6 Kd5 
66.Re2 Qc1 67.Rf2 Qe3+ 68.Rf3 Qe1+ 69.Kh3 Ke4 70.Rf5 Qh1+ 71.Kg3 Qh6 72.
Rh5 Qe3+ 73.Kh4 Kf3 74.Rf5+ Kg2 75.Kh5 Kh3 76.g5 Qe8+ 77.Kh6 Kg4 78.Rf6 
Qh8+ 79.Kg6 Qg8+ 80.Kh6 Qxg5+ 81.Kh7 Qxf6 82.Kg8 Qe7 83.Kh8 Kg5 84.Kg8 Kg6
85.Kh8 Qf8# 0-1

[Event "26th EUR-ch"]
[Site "Katowice POL"]
[Date "2026.04.18"]
[Round "10.174"]
[White "Filindash, Nikita"]
[Black "Gikas, Andreas Basilius"]
[Result "1/2-1/2"]
[WhiteElo "2279"]
[BlackElo "2072"]
[EventDate "2026.04.07"]
[PlyCount "67"]

1.d4 d5 2.c4 c6 3.cxd5 cxd5 4.Bf4 Nc6 5.e3 Nf6 6.Nc3 Bf5 7.Qb3 Na5 8.Qa4+ 
Bd7 9.Qc2 Rc8 10.Bd3 e6 11.Nf3 Bb4 12.O-O a6 13.a3 Bxc3 14.bxc3 Bb5 15.
Bxb5+ axb5 16.Qb2 O-O 17.Qxb5 Ne4 18.Ng5 Nxg5 19.Bxg5 f6 20.Bf4 b6 21.Rfb1
Nc4 22.e4 dxe4 23.Rb4 Qd5 24.a4 Rfd8 25.h3 h6 26.Bc1 Rc6 27.Qxd5 exd5 28.
Rb5 Kf7 29.Ba3 Ke6 30.a5 Nxa5 31.Bb4 Rd7 32.Kf1 Nc4 33.Ra6 Rcc7 34.Bc5 
1/2-1/2

[Event "26th EUR-ch"]
[Site "Katowice POL"]
[Date "2026.04.18"]
[Round "10.175"]
[White "Hryzlova, Sofiia"]
[Black "Sprzeczka, Emilia"]
[Result "1-0"]
[WhiteElo "2278"]
[BlackElo "2066"]
[EventDate "2026.04.07"]
[PlyCount "181"]

1.Nf3 d5 2.g3 Nf6 3.Bg2 g6 4.b3 Bg7 5.Bb2 O-O 6.d3 c5 7.O-O Nc6 8.Nbd2 Qc7
9.e4 dxe4 10.dxe4 Rd8 11.Qb1 Bh6 12.Rd1 Bg4 13.Bxf6 exf6 14.Qb2 Bg7 15.c3 
Ne5 16.h3 Rxd2 17.Nxd2 Bxd1 18.Rxd1 Rd8 19.Rb1 Qd7 20.Nf1 Bh6 21.f4 Nc6 
22.Ne3 Qd3 23.Re1 Ne7 24.Kh2 Qd6 25.Qe2 Bg7 26.Qc4 b6 27.Qa6 Qc7 28.c4 Nc6
29.Nd5 Qb8 30.Rd1 h5 31.h4 Kh7 32.Qa3 a5 33.Qc1 Nd4 34.Rd3 Qd6 35.Qd1 Rb8 
36.Nc3 Rd8 37.Nd5 Rb8 38.Re3 Qd7 39.Bh3 Qd6 40.Qf1 Re8 41.Qd3 Qc6 42.Bg2 
Qd6 43.Re1 Kh8 44.Kh1 Rb8 45.Rf1 Nc6 46.Qf3 Nd4 47.Qd1 Qd7 48.Kh2 Qd6 49.
Rf2 Re8 50.Qb1 Kg8 51.Bh3 Kh8 52.Bf1 Qe6 53.Bd3 Qd6 54.Qd1 Rb8 55.Kg2 Rd8 
56.f5 Kh7 57.fxg6+ fxg6 58.Qxh5+ gxh5 59.e5+ Kg8 60.exd6 Rxd6 61.Bg6 b5 
62.Bxh5 Kh7 63.Be2 Nxe2 64.Rxe2 a4 65.Re7 axb3 66.axb3 bxc4 67.bxc4 Rc6 
68.Ra7 f5 69.Kf3 Kh8 70.Kf4 Rg6 71.Kf3 Be5 72.Nf4 Rg4 73.Rf7 Bxf4 74.gxf4 
Rg6 75.Rxf5 Rc6 76.Ke4 Kg7 77.Kd5 Rc8 78.Kd6 Kg6 79.Rxc5 Rh8 80.h5+ Kf6 
81.Re5 Rd8+ 82.Kc7 Rd4 83.c5 Rxf4 84.Re1 Rf5 85.c6 Rxh5 86.Kd6 Rh4 87.Rf1+
Kg7 88.c7 Rc4 89.Rf5 Rd4+ 90.Rd5 Rc4 91.Rc5 1-0

[Event "26th EUR-ch"]
[Site "Katowice POL"]
[Date "2026.04.18"]
[Round "10.176"]
[White "Stan, Andrei-Mihaita"]
[Black "Brozyna, Mateusz"]
[Result "1/2-1/2"]
[WhiteElo "2038"]
[BlackElo "2242"]
[EventDate "2026.04.07"]
[PlyCount "129"]

1.d4 d5 2.c4 e6 3.Nc3 Nf6 4.cxd5 exd5 5.Bg5 c6 6.e3 h6 7.Bh4 Bd6 8.Bd3 O-O
9.Nge2 Re8 10.h3 Nbd7 11.O-O Nf8 12.Qc2 Ne6 13.f4 Be7 14.Rf3 c5 15.b3 Bd7 
16.Rd1 cxd4 17.exd4 Rc8 18.Qb2 Qa5 19.Bb1 Nf8 20.f5 N8h7 21.Re3 Ba3 22.
Rxe8+ Bxe8 23.Qd2 Bb4 24.Be1 Bb5 25.a3 Bxa3 26.Nxb5 Qxb5 27.Bd3 Qd7 28.b4 
a5 29.bxa5 Ne4 30.Bxe4 dxe4 31.Qe3 Qe7 32.Rb1 Bd6 33.Bg3 Bxg3 34.Qxg3 Nf6 
35.Qb3 Rc7 36.Nf4 Qd6 37.Qe3 Rd7 38.Rb6 Qe7 39.Rb5 Qd8 40.Ne2 Qe7 41.Nf4 
Qd8 42.Ne2 Kh7 43.Qb3 Qc7 44.Rc5 Qd6 45.Rb5 Qa6 46.Kh2 Ne8 47.Ng3 Nf6 48.
Ne2 h5 49.Kg1 Kg8 50.Kf2 Kh7 51.Kg1 Rc7 52.Kf2 Rc2 53.Qxc2 Qxb5 54.Qc5 Qd3
55.Qe7 Qd2 56.Qe5 Qa2 57.Kf1 Qb1+ 58.Kf2 Qa2 59.Kf1 Qb3 60.Kf2 Qa2 61.Kf1 
Qa1+ 62.Kf2 Qa3 63.Qc5 Qd3 64.Qe7 Qd2 65.Qe5 1/2-1/2

[Event "26th EUR-ch"]
[Site "Katowice POL"]
[Date "2026.04.18"]
[Round "10.177"]
[White "Golsta, Madara"]
[Black "Salaun, Yann"]
[Result "1-0"]
[WhiteElo "2008"]
[BlackElo "2199"]
[EventDate "2026.04.07"]
[PlyCount "57"]

1.e4 c5 2.Nf3 e6 3.d4 cxd4 4.Nxd4 Nf6 5.Nc3 Bb4 6.Bd3 d5 7.e5 Ne4 8.Bxe4 
dxe4 9.O-O O-O 10.Bf4 Bxc3 11.bxc3 Qh4 12.Bg3 Qg5 13.Re1 Qg6 14.Nb5 Nc6 
15.Nd6 Rd8 16.Qe2 Na5 17.Rad1 Bd7 18.Nxe4 Bc6 19.Nd6 Ba4 20.Rd4 Qxc2 21.
Qf3 Rd7 22.Rg4 h5 23.Rf4 Bc6 24.Qxh5 Qg6 25.Qh3 f5 26.exf6 e5 27.Qe6+ Kf8 
28.fxg7+ Kxg7 29.Rg4 1-0

[Event "26th EUR-ch"]
[Site "Katowice POL"]
[Date "2026.04.18"]
[Round "10.179"]
[White "Hertlein, Irena"]
[Black "Iordache, Alexia-Andreea"]
[Result "0-1"]
[WhiteElo "2057"]
[BlackElo "2181"]
[EventDate "2026.04.07"]
[PlyCount "68"]

1.e4 c5 2.Nf3 d6 3.d4 cxd4 4.Nxd4 Nf6 5.Nc3 a6 6.Be3 e5 7.Nb3 Be6 8.Qd2 
Nbd7 9.f4 b5 10.f5 Bc4 11.O-O-O Be7 12.g4 Nxg4 13.Rg1 Ndf6 14.Be2 b4 15.
Nd5 Bxd5 16.Bxg4 Bxe4 17.Qxb4 Qc7 18.Rd2 a5 19.Qa4+ Bc6 20.Qc4 a4 21.Na1 
d5 22.Qe2 a3 23.b3 Ne4 24.Rd3 Bb5 25.Bf3 Ba6 26.Rxg7 Nc3 27.Qg2 e4 28.Rg8+
Kd7 29.Rxh8 Rxh8 30.Bxe4 Bxd3 31.Bxd3 Nxa2+ 32.Kd1 Nc3+ 33.Kc1 Qe5 34.f6 
Qxe3+ 0-1

[Event "26th EUR-ch"]
[Site "Katowice POL"]
[Date "2026.04.18"]
[Round "10.180"]
[White "Bitbol-Delaveyne, Maelan"]
[Black "Margaritis, Ioannis M."]
[Result "0-1"]
[WhiteElo "2181"]
[BlackElo "2012"]
[EventDate "2026.04.07"]
[PlyCount "90"]

1.Nf3 Nf6 2.g3 d5 3.Bg2 c5 4.O-O Nc6 5.d4 cxd4 6.Nxd4 e5 7.Nxc6 bxc6 8.c4 
Be6 9.Nc3 Rc8 10.Qa4 d4 11.Ne4 Nxe4 12.Bxe4 Qb6 13.e3 f5 14.Bg2 Bc5 15.Kh1
O-O 16.Rb1 dxe3 17.fxe3 Bxe3 18.Bxe3 Qxe3 19.Rfe1 Qd4 20.Qa5 e4 21.b3 Rcd8
22.Re2 Bf7 23.g4 e3 24.gxf5 Bh5 25.Ree1 Rd6 26.f6 Bg6 27.Rbc1 Be4 28.Qg5 
Bxg2+ 29.Qxg2 Rfxf6 30.c5 Rde6 31.Rcd1 Qxc5 32.Rd8+ Kf7 33.Rd7+ Re7 34.
Red1 Rxd7 35.Rxd7+ Ke8 36.Rd1 Qe5 37.Qg4 Qf5 38.Qg2 Rg6 39.Rf1 Qd5 40.Qxd5
cxd5 41.Rd1 e2 42.Re1 Re6 43.Kg2 d4 44.Kf2 d3 45.b4 Kf7 0-1

[Event "26th EUR-ch"]
[Site "Katowice POL"]
[Date "2026.04.18"]
[Round "10.181"]
[White "Kondys, Piotr"]
[Black "Pasa, Ahmet"]
[Result "0-1"]
[WhiteElo "2178"]
[BlackElo "2004"]
[EventDate "2026.04.07"]
[PlyCount "88"]

1.e4 e5 2.Nf3 Nc6 3.Bb5 a6 4.Ba4 Nf6 5.O-O Be7 6.Re1 b5 7.Bb3 O-O 8.a4 Bb7
9.d3 d6 10.Nbd2 Nd7 11.c3 Nc5 12.Bc2 b4 13.d4 bxc3 14.bxc3 Nd7 15.Rb1 Rb8 
16.Nc4 Bf6 17.d5 Ne7 18.Be3 Bc8 19.Qe2 Ng6 20.Na5 Rxb1 21.Rxb1 Nc5 22.Nc6 
Qd7 23.Nb8 Qg4 24.Qd1 Nf4 25.Bxf4 Qxf4 26.g3 Qh6 27.Ne1 Qh3 28.Qe2 h5 29.
Nd3 Nxd3 30.Bxd3 a5 31.Rb5 h4 32.Nc6 hxg3 33.fxg3 Bg4 34.Qf2 Bg5 35.Be2 f5
36.Rb8 Rxb8 37.Nxb8 Qh6 38.Kh1 Be3 39.Qf1 Bh3 40.Qd1 Bb6 41.Bf3 Qe3 42.
exf5 Qf2 43.Nd7 Be3 44.Nxe5 Bf1 0-1

[Event "26th EUR-ch"]
[Site "Katowice POL"]
[Date "2026.04.18"]
[Round "10.182"]
[White "Smolinski, Wojciech"]
[Black "Pavlidou, Ekaterini"]
[Result "1/2-1/2"]
[WhiteElo "1989"]
[BlackElo "2166"]
[EventDate "2026.04.07"]
[PlyCount "99"]

1.e4 e5 2.Nf3 Nc6 3.Bc4 Bc5 4.c3 d6 5.d3 h6 6.O-O Bb6 7.b4 a6 8.Nbd2 Qf6 
9.Bb3 Nge7 10.Nc4 Ba7 11.Ne3 Nd8 12.Nd5 Nxd5 13.exd5 Bg4 14.Be3 Bxf3 15.
Qxf3 Qxf3 16.gxf3 g5 17.Rad1 Ke7 18.d4 f5 19.dxe5 dxe5 20.c4 Bxe3 21.fxe3 
a5 22.a3 axb4 23.axb4 Ra3 24.Rb1 Rf8 25.c5 Rf6 26.Rfd1 Kd7 27.Kf2 b6 28.
Bc4 bxc5 29.bxc5 Ra5 30.Rb5 Ra4 31.Be2 Ra2 32.Rb8 Rc2 33.c6+ Ke7 34.Rc8 
Rd6 35.Rxc7+ Kf6 36.e4 f4 37.Ra1 g4 38.Raa7 g3+ 39.hxg3 fxg3+ 40.Ke3 Ne6 
41.Rf7+ Kg6 42.dxe6 Rc3+ 43.Bd3 Rcxd3+ 44.Ke2 Rd2+ 45.Kf1 Rd1+ 46.Kg2 
R6d2+ 47.Kxg3 Rg1+ 48.Kh3 Rh1+ 49.Kg3 Rg1+ 50.Kh3 1/2-1/2

[Event "26th EUR-ch"]
[Site "Katowice POL"]
[Date "2026.04.18"]
[Round "10.183"]
[White "Shpanko, Nadiia"]
[Black "Varney, Zoe"]
[Result "1/2-1/2"]
[WhiteElo "2166"]
[BlackElo "1988"]
[EventDate "2026.04.07"]
[PlyCount "79"]

1.e4 e5 2.Nf3 Nc6 3.Nc3 Nf6 4.d4 exd4 5.Nxd4 Bb4 6.Nxc6 bxc6 7.Bd3 d5 8.
Bd2 O-O 9.O-O Bg4 10.f3 dxe4 11.Nxe4 Nxe4 12.Bxb4 Qd4+ 13.Kh1 Qxb4 14.Bxe4
Qxe4 15.fxe4 Bxd1 16.Raxd1 Rad8 17.Kg1 f6 18.Kf2 Kf7 19.Ke3 Ke6 20.g4 Rd6 
21.b3 g6 22.Rd3 Rb8 23.Rf3 Rb5 24.Rh3 h5 25.gxh5 gxh5 26.Kf4 Re5 27.Rhg3 
Kf7 28.Rg2 c5 29.Rgg3 a5 30.Rxd6 cxd6 31.Rd3 Ke6 32.c4 f5 33.Re3 fxe4 34.
Rxe4 Kf6 35.h4 Rf5+ 36.Kg3 Re5 37.Rf4+ Rf5 38.Kf3 Ke5 39.Rxf5+ Kxf5 40.a3 
1/2-1/2